[Event "2nd Indonesia Open Chess Ch. 2012"]
[Site "Grand SahidJaya Hotel, Jakarta"]
[Date "2012.10.12"]
[Round "2.5"]
[White "Dimakiling, Oliver"]
[Black "Krasenkow, Michal"]
[Result "1-0"]
[WhiteElo "2470"]
[BlackElo "2636"]
[PlyCount "67"]
[EventDate "2012.10.11"]

1. c4 e5 2. Nc3 d6 3. g3 g6 4. Bg2 Bg7 5. e3 Nf6 6. Nge2 O-O 7. O-O c6 8. d4
Re8 9. e4 exd4 10. Nxd4 Nbd7 11. h3 Nc5 12. Re1 a5 13. Rb1 Nfd7 14. Be3 Ne5 15.
b3 Bd7 16. Re2 Qc8 17. Kh2 h5 18. f4 h4 19. gxh4 Ned3 20. Rd2 Bxd4 21. Bxd4
Nxf4 22. Bxc5 Bxh3 23. Bxd6 Bxg2 24. Bxf4 Qh3+ 25. Kg1 Bxe4 26. Nxe4 Rxe4 27.
Rh2 Qf5 28. Bg3 Rae8 29. Rg2 Re3 30. Rbb2 R8e4 31. Qd8+ Re8 32. Qg5 Qf3 33.
Rbd2 Kg7 34. Qf4 1-0

[Event "2nd Indonesia Open Chess Ch. 2012"]
[Site "Grand SahidJaya Hotel, Jakarta"]
[Date "2012.10.12"]
[Round "2.7"]
[White "Ehlvest, Jaan"]
[Black "Shyam, Sundar M"]
[Result "1/2-1/2"]
[WhiteElo "2607"]
[BlackElo "2494"]
[PlyCount "68"]
[EventDate "2012.10.11"]

1. c4 e5 2. g3 Nf6 3. Bg2 c6 4. d4 exd4 5. Qxd4 Na6 6. Nf3 Bc5 7. Qd1 O-O 8.
O-O d5 9. cxd5 Nxd5 10. Nbd2 Re8 11. a3 Bb6 12. Nc4 Bf5 13. Bg5 Qc7 14. Rc1 h6
15. Bd2 Rad8 16. b4 Nf6 17. Qe1 Nd5 18. Kh1 Qe7 19. Nfe5 Bc7 20. f4 Bh7 21. e4
Nb6 22. Na5 Bxe5 23. fxe5 Qxe5 24. Nxb7 Rd7 25. Bf4 Qd4 26. Rd1 Qxd1 27. Qxd1
Rxd1 28. Rxd1 Bxe4 29. Rd8 Bxg2+ 30. Kxg2 Rxd8 31. Nxd8 Nc4 32. Bc1 Nb8 33. Bf4
Na6 34. Bc1 Nb8 1/2-1/2

[Event "2nd Indonesia Open Chess Ch. 2012"]
[Site "Grand SahidJaya Hotel, Jakarta"]
[Date "2012.10.12"]
[Round "2.9"]
[White "Korneev, Oleg"]
[Black "Wang, Chen"]
[Result "0-1"]
[WhiteElo "2591"]
[BlackElo "2469"]
[PlyCount "39"]
[EventDate "2012.10.11"]

1. e4 c5 2. Nf3 e6 3. c3 d5 4. exd5 Qxd5 5. d4 Nf6 6. Bd3 Nc6 7. O-O Be7 8. Be3
cxd4 9. cxd4 O-O 10. Nc3 Qd8 11. a3 b6 12. Qe2 Bb7 13. Rad1 Rc8 14. Rfe1 Re8
15. Bb1 h6 16. Ne5 Bf8 17. Bf4 Be7 18. Be3 g6 19. Nxg6 fxg6 20. d5 {
Unreadable notation. Game ended in 60 moves.} 0-1

[Event "2nd Indonesia Open Chess Ch. 2012"]
[Site "Grand SahidJaya Hotel, Jakarta"]
[Date "2012.10.12"]
[Round "2.10"]
[White "Juswanto, Denny"]
[Black "Gagunashvili, Merab"]
[Result "0-1"]
[WhiteElo "2412"]
[BlackElo "2584"]
[PlyCount "112"]
[EventDate "2012.10.11"]

1. e4 c5 2. Nf3 e6 3. d4 cxd4 4. Nxd4 a6 5. Nc3 b5 6. Bd3 Qb6 7. Nb3 Qc7 8. O-O
Bb7 9. a3 d6 10. Qe2 Be7 11. f4 Nd7 12. Bd2 Ngf6 13. Rae1 e5 14. Kh1 O-O 15.
fxe5 dxe5 16. Nd1 Rae8 17. Qf3 Nc5 18. Nxc5 Bxc5 19. Ne3 Bxe3 20. Rxe3 Re6 21.
Bb4 Rc8 22. g4 h6 23. h4 Nh7 24. Qe2 Rg6 25. Be1 Qd7 26. Rg3 Rcc6 27. Kh2 Bc8
28. Rg2 Rxg4 29. Rxg4 Qxg4 30. Qxg4 Bxg4 31. Bg3 f6 32. a4 bxa4 33. Ra1 Nf8 34.
Kg1 Rb6 35. Rxa4 Rxb2 36. Rxa6 Kh7 37. Rc6 Ne6 38. c3 h5 39. Kf1 Rd2 40. Bc4
Nf4 41. Ke1 Rg2 42. Bxf4 exf4 43. Bd3 f3 44. e5+ f5 45. Rc4 f2+ 46. Kf1 Bh3 47.
Bxf5+ Bxf5 48. Kxg2 f1=Q+ 49. Kxf1 Bd3+ 50. Kf2 Bxc4 51. Ke3 Kg6 52. Kd4 Be6
53. c4 Kf5 54. c5 Kf4 55. c6 Kf5 56. c7 g6 0-1

[Event "2nd Indonesia Open Chess Ch. 2012"]
[Site "Grand SahidJaya Hotel, Jakarta"]
[Date "2012.10.12"]
[Round "2.14"]
[White "Pham, Le Thao Nguyen"]
[Black "Chatalbashev, Boris"]
[Result "1/2-1/2"]
[WhiteElo "2387"]
[BlackElo "2535"]
[PlyCount "82"]
[EventDate "2012.10.11"]

1. d4 c5 2. d5 Nf6 3. Nc3 d6 4. e4 g6 5. Bb5+ Bd7 6. a4 Bg7 7. Nge2 O-O 8. O-O
Na6 9. f3 Nc7 10. Bc4 a6 11. a5 Bb5 12. Qd3 Qd7 13. Be3 Rfd8 14. Rad1 Qe8 15.
b3 Rab8 16. Bd2 b6 17. axb6 Rxb6 18. Nb1 Rdb8 19. Na3 Nd7 20. f4 R6b7 21. Bc3
Qf8 22. Kh1 Bxc3 23. Nxc3 Qg7 24. Rf3 Nb6 25. Bxb5 axb5 26. Naxb5 Nxb5 27. Nxb5
Nxd5 28. Qxd5 Rxb5 29. e5 R5b6 30. Rc3 Rb4 31. Rc4 Rxc4 32. Qxc4 dxe5 33. Qxc5
exf4 34. Qxe7 Qc3 35. Qe4 Rc8 36. h3 h5 37. Rf1 Qxc2 38. Qxc2 Rxc2 39. Rxf4 Rb2
40. Rb4 Kg7 41. h4 Kf6 1/2-1/2

[Event "2nd Indonesia Open Chess Ch. 2012"]
[Site "Grand SahidJaya Hotel, Jakarta"]
[Date "2012.10.12"]
[Round "2.15"]
[White "Megaranto, Susanto"]
[Black "Guo, Qi"]
[Result "1/2-1/2"]
[WhiteElo "2532"]
[BlackElo "2391"]
[PlyCount "81"]
[EventDate "2012.10.11"]

1. c3 d5 2. d4 c5 3. Nf3 Nf6 4. Bf4 Qb6 5. Qb3 Nc6 6. e3 c4 7. Qc2 Bf5 8. Qc1
Nh5 9. Bg3 Nxg3 10. hxg3 h6 11. Be2 e6 12. Nbd2 Qc7 13. Bd1 b5 14. Bc2 Bxc2 15.
Qxc2 Be7 16. e4 Rd8 17. e5 b4 18. g4 bxc3 19. bxc3 Kd7 20. Rb1 Rb8 21. O-O h5
22. Rxb8 Qxb8 23. Rb1 Qc8 24. gxh5 Rxh5 25. g3 Rh8 26. Kg2 Kc7 27. Rh1 Rxh1 28.
Kxh1 Qh8+ 29. Kg2 Qh5 30. Nf1 f5 31. exf6 gxf6 32. Ne3 f5 33. Ng1 Bd6 34. Nh3
Qh6 35. Qe2 Qg6 36. Qf3 Ne7 37. Nf4 Qh6 38. Nh3 Qg6 39. Kf1 Qh6 40. Kg2 Qg6 41.
Kf1 1/2-1/2

[Event "2nd Indonesia Open Chess Ch. 2012"]
[Site "Grand SahidJaya Hotel, Jakarta"]
[Date "2012.10.12"]
[Round "2.16"]
[White "Purnama, Tirta Chandra"]
[Black "Lu, Shanglei"]
[Result "0-1"]
[WhiteElo "2384"]
[BlackElo "2526"]
[PlyCount "102"]
[EventDate "2012.10.11"]

1. d4 d5 2. c4 e6 3. Nc3 Nf6 4. cxd5 exd5 5. Bg5 c6 6. Qc2 Be7 7. e3 Nbd7 8.
Bd3 Nf8 9. Nf3 Ne6 10. Bh4 g6 11. O-O O-O 12. Rab1 Ng7 13. b4 a6 14. a4 Bf5 15.
b5 axb5 16. axb5 Bxd3 17. Qxd3 Nf5 18. Bg5 Ne4 19. Bxe7 Qxe7 20. Qc2 Ng5 21.
Ne5 f6 22. Nd3 Nh4 23. bxc6 bxc6 24. Nc5 f5 25. Rb7 Ngf3+ 26. Kh1 Qg5 27. Rg1
Ra1 28. Nb1 Nxg1 29. f4 Qg4 30. Kxg1 Rf7 31. Rb8+ Kg7 32. Nd3 Rfa7 33. Rb2 Nf3+
34. Kh1 Qh5 35. h3 Qh4 36. gxf3 Qxh3+ 37. Kg1 Qxf3 38. Qf2 Qe4 39. Qe2 R7a3 40.
Rb7+ Kf6 41. Qf2 Rxb1+ 42. Rxb1 Rxd3 43. Re1 Kg7 44. Kh2 Rc3 45. Re2 Rc1 46.
Re1 Rxe1 47. Qxe1 Qf3 48. Qc3 Kh6 49. Qa3 Kh5 50. Qe7 Qe2+ 51. Kg1 Kg4 0-1

[Event "2nd Indonesia Open Chess Ch. 2012"]
[Site "Grand SahidJaya Hotel, Jakarta"]
[Date "2012.10.12"]
[Round "2.17"]
[White "Xiu, Deshun"]
[Black "Tunasly, Kifly"]
[Result "1-0"]
[WhiteElo "2525"]
[BlackElo "2376"]
[PlyCount "53"]
[EventDate "2012.10.11"]

1. d4 d5 2. c4 e6 3. Nf3 c6 4. Qc2 f5 5. Bf4 Bd6 6. e3 Nf6 7. Bd3 Ne4 8. Nc3
O-O 9. O-O Qe7 10. c5 Bc7 11. b4 h6 12. Ne5 Bxe5 13. Bxe5 Nd7 14. Ne2 Nxe5 15.
dxe5 Qc7 16. f3 Ng5 17. f4 Ne4 18. Nd4 Bd7 19. g4 Rae8 20. Kh1 Qd8 21. Rg1 a5
22. gxf5 exf5 23. Rg6 Re7 24. Rag1 Be8 25. Rxg7+ Kh8 26. Qg2 Bh5 27. Nxf5 1-0

[Event "2nd Indonesia Open Chess Ch. 2012"]
[Site "Grand SahidJaya Hotel, Jakarta"]
[Date "2012.10.12"]
[Round "2.18"]
[White "Ardiansyah, H."]
[Black "Dao, Thien Hai"]
[Result "0-1"]
[WhiteElo "2371"]
[BlackElo "2523"]
[PlyCount "60"]
[EventDate "2012.10.11"]

1. d4 f5 2. g3 Nf6 3. Bg2 g6 4. c4 Bg7 5. Nc3 O-O 6. Nf3 d6 7. O-O Qe8 8. Re1
Qf7 9. Qd3 h6 10. Bh3 Nc6 11. d5 Nb4 12. Qd1 Ne4 13. Nb5 Na6 14. Nbd4 Bd7 15.
Be3 c6 16. dxc6 bxc6 17. Nd2 e5 18. N4b3 Nf6 19. Na5 d5 20. cxd5 cxd5 21. Ndb3
Ne4 22. Rc1 d4 23. Bd2 Rac8 24. e3 d3 25. Rxc8 Rxc8 26. Bc1 Nb4 27. Rf1 Bb5 28.
Bd2 Nxd2 29. Qxd2 Nxa2 30. Na1 Bf8 0-1

[Event "2nd Indonesia Open Chess Ch. 2012"]
[Site "Grand SahidJaya Hotel, Jakarta"]
[Date "2012.10.12"]
[Round "2.19"]
[White "Azarya, Jodi Setyaki"]
[Black "Nguyen, Van Huy"]
[Result "1/2-1/2"]
[WhiteElo "2005"]
[BlackElo "2517"]
[PlyCount "68"]
[EventDate "2012.10.11"]

1. e4 c5 2. Nf3 e6 3. d4 cxd4 4. Nxd4 Nf6 5. Nc3 d6 6. g4 Nc6 7. g5 Nd7 8. Be3
Be7 9. h4 O-O 10. Qh5 a6 11. O-O-O Qe8 12. Bh3 Nde5 13. Qe2 b5 14. f4 Nc4 15.
Nxc6 Qxc6 16. Bd4 b4 17. b3 bxc3 18. Qxc4 Qxc4 19. bxc4 a5 20. Bxc3 Ba6 21. f5
Rfe8 22. c5 d5 23. fxe6 dxe4 24. Rhe1 Bc4 25. Rxe4 Bxa2 26. exf7+ Bxf7 27. Bd7
Bxg5+ 28. hxg5 Rxe4 29. Bc6 Ree8 30. Bxa8 Rxa8 31. c6 Be6 32. c7 Kf7 33. Rd8
Rc8 34. Bxa5 h6 1/2-1/2

[Event "2nd Indonesia Open Chess Ch. 2012"]
[Site "Grand SahidJaya Hotel, Jakarta"]
[Date "2012.10.12"]
[Round "2.20"]
[White "Dzhumaev, Marat"]
[Black "Sitanggang, Salor"]
[Result "1-0"]
[WhiteElo "2516"]
[BlackElo "2367"]
[PlyCount "83"]
[EventDate "2012.10.11"]

1. e4 c5 2. Nc3 d6 3. Nge2 Nf6 4. g3 Nc6 5. Bg2 g6 6. O-O Bg7 7. d3 O-O 8. h3
e5 9. f4 exf4 10. Nxf4 Be6 11. g4 Nd7 12. g5 Nb6 13. Bd2 Nd4 14. a4 a5 15. h4
Qd7 16. Be3 Be5 17. Qd2 f6 18. Rf2 fxg5 19. hxg5 Rf7 20. Raf1 Raf8 21. b3 Bg4
22. Kh1 Qd8 23. Nfd5 Nf3 24. Qc1 Nd7 25. Ne2 Nh4 26. Rxf7 Rxf7 27. Rxf7 Kxf7
28. Qf1+ Kg7 29. Bh3 Bf3+ 30. Kg1 Nf8 31. Qf2 Bh5 32. Qxh4 Bxe2 33. Qf2 Bd1 34.
Kf1 Bh5 35. c3 Kg8 36. d4 cxd4 37. cxd4 Bg7 38. Ke1 Qe8 39. Qf4 b5 40. Bf1 bxa4
41. Nf6+ Bxf6 42. Bc4+ 1-0

[Event "2nd Indonesia Open Chess Ch. 2012"]
[Site "Grand SahidJaya Hotel, Jakarta"]
[Date "2012.10.12"]
[Round "2.21"]
[White "Li, Chao B"]
[Black "Farid, Firman Syah"]
[Result "1-0"]
[WhiteElo "2681"]
[BlackElo "2326"]
[PlyCount "147"]
[EventDate "2012.10.11"]

1. d4 g6 2. c4 Bg7 3. Nf3 d6 4. Nc3 Nf6 5. e4 O-O 6. Be2 e5 7. Be3 exd4 8. Nxd4
Re8 9. f3 Nc6 10. O-O Nh5 11. Nc2 f5 12. Qd2 Be6 13. Rad1 Qe7 14. Nd5 Qf7 15.
g4 Nf6 16. exf5 gxf5 17. g5 Nxd5 18. cxd5 Bxd5 19. Qxd5 Qxd5 20. Rxd5 f4 21.
Rb5 fxe3 22. Rxb7 Re5 23. Rxc7 Rc5 24. Ne1 Rxg5+ 25. Kh1 Nd4 26. Bd3 Re8 27. f4
e2 28. Bxe2 Rc5 29. Bc4+ Kh8 30. Rxc5 dxc5 31. Nd3 Nf5 32. Nxc5 Bxb2 33. Bd3
Nh4 34. Ne4 Rd8 35. Bc2 Rc8 36. Rf2 Bd4 37. Re2 Ng6 38. Nd6 Nxf4 39. Rd2 Be3
40. Nxc8 Bxd2 41. Nxa7 Nd5 42. Bb3 Nb4 43. Kg2 Be3 44. Nb5 Kg7 45. Kf3 Bg1 46.
h3 Kf6 47. Ke4 Nc6 48. Bd5 Na5 49. Nd4 Bf2 50. Nf3 Bc5 51. Kf4 Bd6+ 52. Kg4 Bb4
53. Kh5 Kg7 54. Kg5 Bc3 55. Kf5 Bb4 56. Ng5 Bd2 57. Kg4 h6 58. Ne4 Bb4 59. Kf5
Be1 60. Nf6 Bc3 61. Nh5+ Kh7 62. Nf4 Kg7 63. h4 Kh7 64. h5 Kg7 65. Ng6 Bd2 66.
Ke6 Bg5 67. Ne7 Kf8 68. Nf5 Kg8 69. Kd6+ Kf8 70. Kc5 Bd2 71. Kb5 Ke8 72. Nd4
Kd7 73. Nc2 Kd6 74. Nb4 1-0

[Event "2nd Indonesia Open Chess Ch. 2012"]
[Site "Grand SahidJaya Hotel, Jakarta"]
[Date "2012.10.12"]
[Round "2.22"]
[White "Kaisar, Jenius Hakiki"]
[Black "Fedorchuk, Sergey A"]
[Result "0-1"]
[WhiteElo "2285"]
[BlackElo "2647"]
[PlyCount "82"]
[EventDate "2012.10.11"]

1. e4 c5 2. Nf3 e6 3. c4 Nc6 4. Nc3 Nd4 5. d3 Ne7 6. g3 Nec6 7. Bg2 Be7 8. O-O
Rb8 9. Nxd4 cxd4 10. Ne2 b5 11. f4 bxc4 12. dxc4 Bc5 13. Kh1 a5 14. b3 d6 15.
Bb2 e5 16. Nc1 O-O 17. Nd3 Nb4 18. Ne1 Qb6 19. Ba3 a4 20. Bxb4 Bxb4 21. Nd3 Bc3
22. Rb1 Qc7 23. Qh5 f6 24. g4 Be6 25. Qh4 Bd2 26. Qg3 Qa5 27. g5 fxg5 28. fxe5
Bf4 29. Nxf4 gxf4 30. Rxf4 Rxf4 31. Qxf4 dxe5 32. Qf1 axb3 33. axb3 Qc3 34. Qd1
d3 35. Bf3 d2 36. Kg2 Rf8 37. Qe2 h5 38. Bxh5 Bh3+ 39. Kg1 Qc1+ 40. Qd1 Rf1+
41. Qxf1 Bxf1 0-1

[Event "2nd Indonesia Open Chess Ch. 2012"]
[Site "Grand SahidJaya Hotel, Jakarta"]
[Date "2012.10.12"]
[Round "2.23"]
[White "Nguyen, Ngoc Truong Son"]
[Black "Sukandar, Irine Kharisma"]
[Result "1-0"]
[WhiteElo "2635"]
[BlackElo "2362"]
[PlyCount "65"]
[EventDate "2012.10.11"]

1. Nf3 Nf6 2. g3 b5 3. Bg2 Bb7 4. O-O e6 5. b3 c5 6. c4 bxc4 7. bxc4 Be7 8. Nc3
O-O 9. Rb1 Bc6 10. e3 d6 11. d4 Ne4 12. Ne2 Qa5 13. d5 exd5 14. cxd5 Bb5 15.
Nfd4 Nc3 16. Nxc3 Bxf1 17. Nf5 Bxg2 18. Nxe7+ Kh8 19. Kxg2 Qxc3 20. Nf5 Qe5 21.
Qf3 c4 22. e4 Re8 23. Rb7 Qxe4 24. Qxe4 Rxe4 25. Rxf7 Na6 26. Bb2 Re5 27. Bxe5
dxe5 28. d6 c3 29. Re7 c2 30. d7 Rg8 31. Re8 c1=Q 32. Rxg8+ Kxg8 33. d8=Q+ 1-0

[Event "2nd Indonesia Open Chess Ch. 2012"]
[Site "Grand SahidJaya Hotel, Jakarta"]
[Date "2012.10.12"]
[Round "2.24"]
[White "Ghaem Maghami, Ehsan"]
[Black "Bai, Jinshi"]
[Result "1-0"]
[WhiteElo "2557"]
[BlackElo "2252"]
[PlyCount "61"]
[EventDate "2012.10.11"]

1. e4 e5 2. Nf3 Nc6 3. Bc4 Bc5 4. c3 Nf6 5. d4 exd4 6. e5 d5 7. Be2 Ne4 8. cxd4
Bb6 9. O-O O-O 10. Nc3 Bg4 11. Be3 f6 12. exf6 Nxf6 13. Na4 Qd6 14. a3 Rae8 15.
Rc1 Bh5 16. Nc5 Bxc5 17. dxc5 Qd7 18. b4 Ng4 19. Bd2 Nxh2 20. Kxh2 Rxe2 21.
Qxe2 Bxf3 22. Qe3 Rf6 23. Rg1 Rh6+ 24. Qxh6 gxh6 25. gxf3+ Kf7 26. Rg4 Qe6 27.
Rf4+ Kg6 28. Rg1+ Kh5 29. Kg3 Qe5 30. Re1 Qb2 31. Rg4 1-0

[Event "2nd Indonesia Open Chess Ch. 2012"]
[Site "Grand SahidJaya Hotel, Jakarta"]
[Date "2012.10.12"]
[Round "2.25"]
[White "Pitra, Andika"]
[Black "Gordon, Stephen J"]
[Result "1-0"]
[WhiteElo "2340"]
[BlackElo "2556"]
[PlyCount "95"]
[EventDate "2012.10.11"]

1. e4 c5 2. Nf3 e6 3. d4 cxd4 4. Nxd4 a6 5. Nc3 Qc7 6. Bd3 Nf6 7. O-O d6 8. Kh1
Nbd7 9. f4 Be7 10. Qe2 O-O 11. Bd2 Nc5 12. b4 Nxd3 13. cxd3 e5 14. Nc2 exf4 15.
Rxf4 Be6 16. Ne3 Rad8 17. Raf1 d5 18. exd5 Nxd5 19. Ncxd5 Bxd5 20. Nxd5 Rxd5
21. Qf3 Qd8 22. Rxf7 Bf6 23. Rxf8+ Kxf8 24. Be3 Qd7 25. d4 Kg8 26. Qe4 Rd6 27.
Rd1 Qe6 28. Qxe6+ Rxe6 29. Bg1 Kf7 30. d5 Re5 31. Bc5 Ke8 32. Kg1 Kd7 33. Kf2
Be7 34. Kf3 b6 35. Bxb6 Bxb4 36. Be3 Bd6 37. g4 Re8 38. Rb1 Rf8+ 39. Ke4 Bxh2
40. Rb7+ Bc7 41. Bb6 Rc8 42. Kd4 Kd6 43. Bc5+ Kd7 44. d6 Kc6 45. Rxc7+ Rxc7 46.
dxc7 Kxc7 47. Bf8 g6 48. g5 1-0

[Event "2nd Indonesia Open Chess Ch. 2012"]
[Site "Grand SahidJaya Hotel, Jakarta"]
[Date "2012.10.12"]
[Round "2.26"]
[White "Gomez, John Paul"]
[Black "Jafar, Sofyan"]
[Result "1-0"]
[WhiteElo "2523"]
[BlackElo "2286"]
[PlyCount "107"]
[EventDate "2012.10.11"]

1. e4 e5 2. Nf3 Nc6 3. Bb5 a6 4. Ba4 Nf6 5. d3 Bc5 6. O-O d6 7. Bxc6+ bxc6 8.
Be3 Bxe3 9. fxe3 O-O 10. Nc3 Qe7 11. Ne2 Rb8 12. b3 Ng4 13. Qd2 f5 14. exf5 e4
15. Nfd4 exd3 16. cxd3 Qe5 17. Rf4 Bxf5 18. Re1 Bd7 19. Nxc6 Bxc6 20. Rxg4 Rbe8
21. Ng3 Re7 22. Rc4 Bd5 23. Rcc1 h5 24. e4 h4 25. Nf5 Ref7 26. Qg5 Rxf5 27.
exf5 Qd4+ 28. Qe3 Qg4 29. Qh3 Qg5 30. Rxc7 Rxf5 31. Re8+ Kh7 32. g3 Rf3 33.
Qxh4+ Qxh4 34. gxh4 Rxd3 35. Ree7 Rd1+ 36. Kf2 Rd2+ 37. Re2 Rd4 38. Ra7 Bc6 39.
a4 Bd5 40. Re3 Rb4 41. Rd3 Bxb3 42. a5 Bc4 43. Rxd6 Rb2+ 44. Kg3 Ra2 45. Re7
Bf1 46. Rd1 Be2 47. Rdd7 Kh6 48. Re6+ Kh7 49. Ree7 Ra3+ 50. Kf2 Bb5 51. Rxg7+
Kh8 52. Rh7+ Kg8 53. Rdg7+ Kf8 54. Rb7 1-0

[Event "2nd Indonesia Open Chess Ch. 2012"]
[Site "Grand SahidJaya Hotel, Jakarta"]
[Date "2012.10.12"]
[Round "2.27"]
[White "Xu, Jun"]
[Black "Suyud, Hartoyo"]
[Result "1-0"]
[WhiteElo "2506"]
[BlackElo "2178"]
[PlyCount "124"]
[EventDate "2012.10.11"]

1. d4 d5 2. c4 c6 3. Nf3 dxc4 4. e3 b5 5. a4 e6 6. axb5 cxb5 7. b3 Bb4+ 8. Bd2
Bxd2+ 9. Nbxd2 a5 10. bxc4 b4 11. Ne5 Nf6 12. Qa4+ Bd7 13. Nxd7 Nbxd7 14. Be2
O-O 15. O-O Qc7 16. Bf3 Ra7 17. Rfb1 Rb8 18. Qc6 Qd8 19. h3 h6 20. c5 Rc7 21.
Qa6 Nxc5 22. Qxa5 Ncd7 23. Ra4 Rc2 24. Qxd8+ Rxd8 25. Nf1 Nd5 26. Bxd5 exd5 27.
Raxb4 Nf6 28. R4b2 Rdc8 29. Nd2 g5 30. g4 Kg7 31. Kg2 Ne8 32. Rxc2 Rxc2 33. Nb3
Nd6 34. Nc5 Nc4 35. Kg3 Nd2 36. Rb8 Nf1+ 37. Kf3 Nd2+ 38. Kg2 Nc4 39. Kg3 Nb2
40. Rd8 Nd1 41. Rxd5 Rxf2 42. Re5 Ra2 43. Kf3 Rh2 44. d5 Rxh3+ 45. Ke4 Nc3+ 46.
Kd3 Nb5 47. Ne4 Rh1 48. Kc4 Nc7 49. d6 Ne6 50. d7 Rd1 51. Rd5 Rc1+ 52. Nc3 Rg1
53. Re5 Rxg4+ 54. Kb5 Rg2 55. Ne4 Rb2+ 56. Kc6 Rd2 57. Nd6 Kf6 58. Rf5+ Kg6 59.
Rxf7 g4 60. Re7 Kf6 61. Rf7+ Kg6 62. Rf1 h5 1-0

[Event "2nd Indonesia Open Chess Ch. 2012"]
[Site "Grand SahidJaya Hotel, Jakarta"]
[Date "2012.10.12"]
[Round "2.28"]
[White "Sean, Winshand Cuhendi"]
[Black "Hoang, Thanh Trang"]
[Result "0-1"]
[WhiteElo "2181"]
[BlackElo "2470"]
[PlyCount "54"]
[EventDate "2012.10.11"]

1. d4 f5 2. Bf4 Nf6 3. e3 d6 4. Nc3 g6 5. h4 Bg7 6. Nf3 h6 7. Bd3 Ng4 8. d5 c6
9. Nh2 Nxh2 10. Bxh2 cxd5 11. Bb5+ Bd7 12. Bxd7+ Qxd7 13. Nxd5 Bxb2 14. Rb1 Be5
15. f4 Bg7 16. Qf3 Nc6 17. O-O O-O 18. h5 gxh5 19. Qxh5 Rac8 20. Qf3 e6 21. Nb4
Nxb4 22. Rxb4 d5 23. Rf2 Rc3 24. Rb3 Rfc8 25. Rxc3 Rxc3 26. g4 d4 27. Rd2 Qb5
0-1

[Event "2nd Indonesia Open Chess Ch. 2012"]
[Site "Grand SahidJaya Hotel, Jakarta"]
[Date "2012.10.12"]
[Round "2.29"]
[White "Dewi, Aa Citra"]
[Black "Lou, Yiping"]
[Result "0-1"]
[WhiteElo "2161"]
[BlackElo "2444"]
[PlyCount "86"]
[EventDate "2012.10.11"]

1. e4 c6 2. d4 d5 3. Nc3 dxe4 4. Nxe4 Nd7 5. Bc4 Ngf6 6. Ng5 e6 7. Qe2 Nb6 8.
Bd3 h6 9. N5f3 a6 10. c3 c5 11. Be3 Nbd5 12. Nh3 Qc7 13. Bd2 g5 14. c4 Ne7 15.
Ne5 cxd4 16. f4 g4 17. Nxg4 Nxg4 18. Qxg4 Bd7 19. Qh5 Rg8 20. O-O b5 21. cxb5
Qb7 22. Qe2 Bxb5 23. Bxb5+ Qxb5 24. Qxb5+ axb5 25. Nf2 Nf5 26. Nd3 h5 27. b3
Ba3 28. Bc1 Ke7 29. Rf2 Rgc8 30. Rd2 f6 31. Bxa3+ Rxa3 32. Nb4 e5 33. fxe5 fxe5
34. Nd5+ Ke6 35. Rf1 Rc5 36. Nb4 Ne3 37. Re1 Ra8 38. Nd3 Rc3 39. b4 Kd5 40. Nc5
Rc2 41. Rxc2 Nxc2 42. Re2 Rxa2 43. Nd7 d3 0-1

[Event "2nd Indonesia Open Chess Ch. 2012"]
[Site "Grand SahidJaya Hotel, Jakarta"]
[Date "2012.10.12"]
[Round "2.31"]
[White "Bersamina, Paulo"]
[Black "Irwanto, Sadikin"]
[Result "1/2-1/2"]
[WhiteElo "2205"]
[BlackElo "2412"]
[PlyCount "118"]
[EventDate "2012.10.11"]

1. e4 e5 2. Nf3 Nc6 3. d4 exd4 4. Bc4 Nf6 5. e5 d5 6. Bb5 Ne4 7. Nxd4 Bd7 8.
Bxc6 bxc6 9. O-O Bc5 10. f3 Ng5 11. f4 Ne4 12. Be3 O-O 13. Nd2 Nxd2 14. Qxd2 f6
15. Nb3 Bb6 16. Qc3 fxe5 17. fxe5 Qg5 18. Nc5 Bxc5 19. Bxc5 Rf5 20. e6 Bxe6 21.
Be3 Rxf1+ 22. Rxf1 d4 23. Qxd4 Qd5 24. Qf4 Qxa2 25. Qxc7 Qd5 26. c3 Qd7 27.
Qxd7 Bxd7 28. Rd1 Be8 29. Bc5 a5 30. Re1 Rb8 31. Re7 Bf7 32. Ra7 h5 33. Ba3 Rb5
34. Rc7 Rg5 35. Rc8+ Kh7 36. Rxc6 Bd5 37. Rc5 Rxg2+ 38. Kf1 Rg5 39. c4 Bg2+ 40.
Kf2 Rxc5 41. Bxc5 Bc6 42. Ke3 Kg6 43. Kd4 Kf5 44. Bb6 a4 45. Kc5 Bf3 46. Kd6 g5
47. Bd8 g4 48. c5 Ke4 49. c6 Kd3 50. c7 Bb7 51. Kd7 Kc2 52. Bf6 h4 53. Bxh4
Kxb2 54. c8=Q Bxc8+ 55. Kxc8 Kc2 56. Kd7 Kd3 57. Be7 Ke4 58. Bd6 Kf3 59. Ke6 a3
1/2-1/2

[Event "2nd Indonesia Open Chess Ch. 2012"]
[Site "Grand SahidJaya Hotel, Jakarta"]
[Date "2012.10.12"]
[Round "2.32"]
[White "Barus, Cerdas"]
[Black "Marentek, Hanny"]
[Result "1/2-1/2"]
[WhiteElo "2400"]
[BlackElo "2232"]
[PlyCount "138"]
[EventDate "2012.10.11"]

1. d4 e6 2. c4 d5 3. Nf3 Nf6 4. Nc3 Be7 5. Bg5 O-O 6. e3 Nbd7 7. Rc1 c6 8. Qc2
h6 9. Bh4 dxc4 10. Bxc4 Nd5 11. Bg3 N7b6 12. Be2 Nxc3 13. Qxc3 Nd5 14. Qb3 Qa5+
15. Kf1 Qb6 16. Qc2 Bd7 17. Ne5 Be8 18. a3 Qd8 19. h3 Bd6 20. e4 Nb6 21. Kg1
Rc8 22. b4 Bb8 23. Kh2 f5 24. exf5 exf5 25. f4 Kh8 26. Bf3 Bxe5 27. dxe5 Bd7
28. Rhd1 Qe8 29. Bf2 Be6 30. Rd6 Qf7 31. Bxb6 axb6 32. Qf2 b5 33. Rcd1 Qe7 34.
Qc5 Qf7 35. R1d3 Kh7 36. Qe3 Rce8 37. Bd1 Re7 38. Bb3 Bxb3 39. Rxb3 Rfe8 40.
Rbd3 Qc4 41. R3d4 Qf7 42. Qd3 Kh8 43. Qc2 Kg8 44. a4 bxa4 45. Qxa4 Re6 46. Qc2
Rxd6 47. Rxd6 Re6 48. Qd3 Re8 49. Rd7 Re7 50. Rd8+ Kh7 51. g4 g6 52. Kg3 fxg4
53. hxg4 b6 54. Rd6 c5 55. Rf6 Qe8 56. Rxb6 cxb4 57. Rxb4 Rd7 58. Rd4 Rxd4 59.
Qxd4 Qb5 60. Qe3 Kg7 61. f5 gxf5 62. gxf5 Qd5 63. Kf4 Qc4+ 64. Kg3 Qd5 65. Qa7+
Kf8 66. Qb8+ Kf7 67. Qc7+ Ke8 68. Qd6 Qxd6 69. exd6 Kd7 1/2-1/2

[Event "2nd Indonesia Open Chess Ch. 2012"]
[Site "Grand SahidJaya Hotel, Jakarta"]
[Date "2012.10.12"]
[Round "2.33"]
[White "Aris, T.L.S."]
[Black "Lioe, Dede"]
[Result "1/2-1/2"]
[WhiteElo "2238"]
[BlackElo "2387"]
[PlyCount "63"]
[EventDate "2012.10.11"]

1. d4 g6 2. Nf3 Bg7 3. c3 d6 4. Bg5 h6 5. Bh4 f5 6. e3 Nd7 7. Nbd2 Ngf6 8. Bc4
e5 9. dxe5 dxe5 10. Bxf6 Qxf6 11. e4 f4 12. Qe2 c6 13. a4 g5 14. h3 Nc5 15. a5
h5 16. b4 Ne6 17. Nb3 Bf8 18. Nfd2 Bd7 19. f3 Rh7 20. Qf2 Qd8 21. Be2 Qc7 22.
Bc4 Rh6 23. Qg1 Bd6 24. Qf2 Ke7 25. Kd1 Rhh8 26. Kc2 b6 27. axb6 axb6 28. Rxa8
Rxa8 29. Ra1 Rxa1 30. Nxa1 Qa7 31. Kb2 c5 32. Nc2 1/2-1/2

[Event "2nd Indonesia Open Chess Ch. 2012"]
[Site "Grand SahidJaya Hotel, Jakarta"]
[Date "2012.10.12"]
[Round "2.34"]
[White "Halay, Taufik"]
[Black "Suradiradja, Herman"]
[Result "1-0"]
[WhiteElo "2366"]
[BlackElo "2238"]
[PlyCount "72"]
[EventDate "2012.10.11"]

1. d4 Nf6 2. c4 c5 3. d5 e5 4. Nc3 d6 5. e4 Be7 6. h3 O-O 7. Be3 Nbd7 8. g4 Ne8
9. Qd2 g6 10. Nge2 Ng7 11. Ng3 a6 12. Be2 Bh4 13. a3 Kh8 14. Rg1 Nf6 15. O-O-O
Ng8 16. Rdf1 f5 17. gxf5 gxf5 18. exf5 Nxf5 19. Nxf5 Bxf5 20. Bd3 Bxh3 21. Re1
Bf5 22. Ne4 b5 23. Rh1 bxc4 24. Bc2 Bxe4 25. Bxe4 Ra7 26. Reg1 Rff7 27. Rg4 Bf6
28. Qc2 Qf8 29. Rg3 Bd8 30. Qxc4 Rg7 31. Rgh3 Nf6 32. Bh6 Qg8 33. Bxg7+ Rxg7
34. Kb1 Rg1+ 35. Ka2 Rxh1 36. Rxh1 Be7 1-0